Responses for Show #1067 - Tuesday, April 4, 1989

Jim Tompkins-MacLaine game 4.

Contestants

[<< previous game]

Sanjay Banerji, a medical student originally from Bombay, India

Claire Alfano Hill, an instructor from Orlando, Florida

Jim Tompkins-MacLaine, a musician originally from Tiffin, Ohio (whose 3-day cash winnings total $31,401)

[next game >>]

Jeopardy! Round responses

1983
(Alex: Events that occurred in that year.)
TOYS & GAMES
AWARDS
FASHION HISTORY
BEATLES LYRICS
4-LETTER NAMES
(Alex: In this category, all of the correct responses will have just four letters each in both the first & last names.)
    $100 9
Martin Luther King's Birthday

Sanjay
    $100 15
Twister

Sanjay
    $100 1
Mexico

Jim
    $100 3
with a little help from my friends

Sanjay
    $100 21
Zola Budd

Sanjay
    $200 10
(South) Korea

Jim
    $200 16
(Jim: What is a Lamborghini?)
(Alex: I don't know who gave it to her, must be Ken!)

Ferrari

JimClaire
    $200 2
(Jim: What is Switzerland?)

Norway

JimSanjay
    $200 4
sixty-four

Jim
    $200 22
(Alex: We've got a minute to go in the round.)

Karl Marx

Sanjay
    $300 13
Menachem Begin

Claire
    $300 17
No Respect

Sanjay
    $300 5
children's literature

Claire
    $300 26
(Claire: What is a cheve?)

hobble skirts

Claire
Triple Stumper
    $300 6
lovely Rita the meter maid

Claire
    $300 23
Mike Todd

Jim
    $500 14
(Claire: I can't remember.)

Dolly Parton & Kenny Rogers ("Islands in the Stream")

Claire
    $400 18
(Jim: What are A & O?)
(Claire: What are I & O?)

A & I

JimClaireSanjay
    $400 11
Bill Bradley

Sanjay
    $400 27
head

Jim
    $400 7
Strawberry Fields

Sanjay
    $400 24
Zane Grey

Jim
    $500 20
The Big Chill

Sanjay
    $500 19
Milton Bradley & Art Linkletter

Triple Stumper
    $500 12
the Golden Globes

Sanjay
    $500 28
(Claire: What is mutton?)
(Alex: Be more specific.)
(Claire: What are mutton chops?)
(Alex: No.)
(Jim: What is mutton leg?)
(Alex: No, it's not called that.)
[end-of-round signal sounds]

leg-of-mutton

JimClaire
Triple Stumper
    $500 8
everything that you do

Triple Stumper
    $500 25
John Hurt

Jim

Scores at the first commercial break (after clue 14):

Jim Claire Sanjay
$300 $400 $1,700

Scores at the end of the Jeopardy! Round:

Jim Claire Sanjay
$800 -$600 $3,300

Double Jeopardy! Round responses

SHAKESPEARE
BUSINESS & INDUSTRY
FLAGS
HAUTE CUISINE
CITIES
"HALL"s
    $200 1
love

Sanjay
    $200 23
(Alex: Less than a minute to go.)

Black & Decker

Jim
    $200 13
upside-down

Claire
    $200 6
mayonnaise

Jim
    $200 8
(Claire: What is San Francisco?)
(Sanjay: What is New York?)

Tokyo

ClaireSanjay
Triple Stumper
    $200 14
Monty Hall

Sanjay
    $400 2
"Richard III"

Jim
    $400 27
[end-of-round signal sounds]

Timex

Sanjay
    $400 15
raise it (to the top & then lower it)

Jim
    $400 7
gherkin

Claire
    $400 9
Barcelona

Sanjay
    $400 16
Hall of Mirrors

Jim
    $600 3
John

Sanjay
    $600 20
New York City

Triple Stumper
    $600 24
nouveau (nouvelle) cuisine

Jim
    $600 10
(Jim: What is Amsterdam?)

Brussels

JimSanjay
    $600 17
hall tree

Claire
    $800 4
Polonius

Jim
    $1,000 21
(Claire: What is the Navy?)

Commerce

Claire
    $800 25
(Sanjay: What is stainless steel?)

copper

Sanjay
Triple Stumper
    $1,900 11
Sarajevo

Sanjay
    $800 18
(Sanjay: What is Prince Albert Hall...Memorial?)

(Royal) Albert Hall

JimSanjay
    $1000 5
Iago

Jim
    $1000 22
United States Coast Guard

Triple Stumper
    $1000 26
Escoffier

Triple Stumper
    $1000 12
(Sanjay: What is Sheffield?)

Stoke-on-Trent

Sanjay
Triple Stumper
    $1000 19
Toad Hall

Claire

Scores at the end of the Double Jeopardy! Round:

Jim Claire Sanjay
$5,000 $400 $4,800

[wagering suggestions for these scores]

Final Jeopardy! Round responses

HOLIDAYS & OBSERVANCES
ClaireWhat is Memorial Day
$0
SanjayWhat is Thanksgiving?
$4,800
JimWhat is Thanksgiving?
$4,601
Thanksgiving

Final scores:

Jim Claire Sanjay
$9,601 $400 $9,600
4-day champion: $41,002 3rd place: Martin Lawrence Galleries serigraph 2nd place: Keller Contemporary Classics dining furniture & Villeroy & Bock 8-piece breakfast set

Game dynamics:

Coryat scores:

Jim Claire Sanjay
$5,000 $1,900 $3,700
16 R,
5 W
8 R,
6 W
(including 2 DDs)
19 R
(including 1 DD),
4 W

Combined Coryat: $10,600

[game clues] [game scores] [suggest correction]

Game tape date: 1988-12-12
The J! Archive is created by fans, for fans. Scraping, republication, monetization, and malicious use prohibited; this site may use cookies and collect identifying information. See terms. The Jeopardy! game show and all elements thereof, including but not limited to copyright and trademark thereto, are the property of Jeopardy Productions, Inc. and are protected under law. This website is not affiliated with, sponsored by, or operated by Jeopardy Productions, Inc. Join the discussion at JBoard.tv.